Ricostruisci la Carriera del Calciatore - Vincent Aboubakar - Statistics

Statistiche generali
  • Questo quiz è stato fatto 3 volte
  • Il punteggio medio è 3 su 9
Statistiche sulle risposte
Hint Risposta % Corretto
2021-2023 Al-Nassr
67%
2016-2017 Beşiktaş
67%
2023- Beşiktaş
33%
2009-2010 Cotonsport Garoua
33%
2013-2014 Lorient
33%
2014-2016 Porto
33%
2017-2020 Porto
33%
2010-2013 Valenciennes
33%
2020-2021 Beşiktaş
0%
Nessun quiz corrispondente trovato
Distribuzione punteggi
Percentuale di utenti per punteggio
Percentile per numero di risposta
I tuoi punteggi nel tempo
Non hai fatto questo quiz